| Tag |
First Indicator |
Second Indicator |
Subfields |
| LEADER |
00000cam a2200000 a 4500 |
| 001 |
in00000950211 |
| 005 |
20150926130005.0 |
| 007 |
hd afv|||baca |
| 007 |
hd bfv|||baaa |
| 008 |
870528s1689 miu a 00000 eng d |
| 035 |
|
|
|a (OCoLC)15744000
|
| 035 |
|
|
|9 AET3473AM
|
| 037 |
|
|
|a CL0037000038
|b University Microfilms International
|
| 037 |
|
|
|b University Microfilms International, 300 N. Zeeb Rd., Ann Arbor, MI 48106
|
| 040 |
|
|
|a EAJ
|c EAJ
|d m/c
|d EAJ
|d UtOrBLW
|
| 043 |
|
|
|a e-uk-en
|
| 045 |
0 |
|
|b d1688
|
| 049 |
|
|
|a TXAI
|
| 090 |
|
|
|a BX1766
|b .N48
|
| 099 |
|
|
|a film
|a B
|a 3609
|
| 245 |
0 |
0 |
|a News from the sessions-house :
|b the tryal, conviction, condemnation and execution of Popery for high-treason : for betraying the kingdom and conspiring the ruin, subversion, and death of the Protestant religion : with her last speech and confession at Tyburn.
|
| 264 |
|
3 |
|a London :
|b Printed by E. Webster for J. Gibbs,
|c 1689.
|
| 300 |
|
|
|a 4 pages
|
| 336 |
|
|
|a text
|b txt
|2 rdacontent
|
| 337 |
|
|
|a microform
|b h
|2 rdamedia
|
| 338 |
|
|
|a microfilm reel
|b hd
|2 rdacarrier
|
| 500 |
|
|
|a Caption title.
|
| 500 |
|
|
|a Imprint from colophon.
|
| 500 |
|
|
|a Reproduction of original in the Huntington Library.
|
| 510 |
4 |
|
|a Wing
|c N1014A
|
| 533 |
|
|
|a Microfilm.
|b Ann Arbor, Mich. :
|c University Microfilms International,
|d 1981.
|e 1 microfilm reel ; 35 mm.
|f (Early English books, 1641-1700 ; 1153:19)
|
| 500 |
|
|
|a Microform.
|
| 610 |
2 |
0 |
|a Catholic Church
|v Controversial literature.
|
| 650 |
|
0 |
|a Anti-Catholicism
|z England.
|
| 651 |
|
0 |
|a Great Britain
|x History
|y Revolution of 1688.
|
| 830 |
|
0 |
|a Early English books, 1641-1700 ;
|v 1153:19.
|
| 999 |
|
|
|a MARS
|
| 999 |
f |
f |
|s 0a41a155-9c07-3772-a66d-832a4b0d65c4
|i 64db6e9e-d592-3372-a2e3-fa9f3d3d3ccb
|t 0
|
| 952 |
f |
f |
|p default
|a Texas A&M University
|b College Station
|c Sterling C. Evans Library
|d Evans: Microforms (3rd floor)
|t 0
|e film B 3609 1153:19
|h Other scheme
|i microform -- microfilm reel
|
| 998 |
f |
f |
|a film B 3609 1153:19
|t 0
|l Evans: Microforms (3rd floor)
|